Scholastic encyclopedia of the presidents and their times / (Record no. 77320)
[ view plain ]
| 000 -LEADER | |
|---|---|
| fixed length control field | 01338nam a2200373 a 4500 |
| 001 - CONTROL NUMBER | |
| control field | 77320 |
| 003 - CONTROL NUMBER IDENTIFIER | |
| rucl marc code | BD-RjUL |
| 005 - DATE AND TIME OF LATEST TRANSACTION | |
| control field | 20211209082946.0 |
| 008 - FIXED-LENGTH DATA ELEMENTS--GENERAL INFORMATION | |
| fixed length control field | 200312s1994 nyuab j 001 0deng |
| 020 ## - INTERNATIONAL STANDARD BOOK NUMBER | |
| International Standard Book Number | 0590493663 (recycled paper) : |
| Terms of availability | $16.95 |
| 035 ## - SYSTEM CONTROL NUMBER | |
| System control number | (BD-RjUL)77545 |
| 040 ## - CATALOGING SOURCE | |
| Original cataloging agency | DLC |
| Transcribing agency | DLC |
| Modifying agency | DLC |
| -- | BD-RjUL |
| Language of cataloging | eng |
| 041 ## - LANGUAGE CODE | |
| Language code of text/sound track or separate title | eng |
| 042 ## - AUTHENTICATION CODE | |
| Authentication code | lcac |
| 043 ## - GEOGRAPHIC AREA CODE | |
| Geographic area code | n-us--- |
| 082 00 - DEWEY DECIMAL CLASSIFICATION NUMBER | |
| Classification number | 973.099 |
| Edition number | 20 |
| Author mark and year | RUS 2001 |
| 100 1# - MAIN ENTRY--PERSONAL NAME | |
| Personal name | Rubel, David. |
| 9 (RLIN) | 65361 |
| 245 10 - TITLE STATEMENT | |
| Title | Scholastic encyclopedia of the presidents and their times / |
| Statement of responsibility, etc. | David Rubel. |
| 250 ## - EDITION STATEMENT | |
| Edition statement | Updated 2001 |
| 260 ## - PUBLICATION, DISTRIBUTION, ETC. (IMPRINT) | |
| Place of publication, distribution, etc. | New York : |
| Name of publisher, distributor, etc. | Scholastic Reference, |
| Date of publication, distribution, etc. | c2001. |
| 300 ## - PHYSICAL DESCRIPTION | |
| Pagination | vii, 216 p. : |
| Illustrations | ill. (some col.), col. maps ; |
| Size | 28 cm. |
| 500 ## - GENERAL NOTE | |
| General note | "An Agincourt Press book." |
| General note | Includes index. |
| 650 #0 - SUBJECT ADDED ENTRY--TOPICAL TERM | |
| Topical term or geographic name as entry element | Presidents |
| Geographic subdivision | United States |
| Form subdivision | Encyclopedias, Juvenile. |
| 9 (RLIN) | 240863 |
| Topical term or geographic name as entry element | Presidents |
| Geographic subdivision | United States |
| Form subdivision | Encyclopedias. |
| 9 (RLIN) | 240864 |
| 651 #0 - SUBJECT ADDED ENTRY--GEOGRAPHIC NAME | |
| Geographic name | United States |
| General subdivision | History |
| Form subdivision | Encyclopedias, Juvenile. |
| 9 (RLIN) | 240865 |
| Geographic name | United States |
| General subdivision | Politics and government |
| Form subdivision | Encyclopedias, Juvenile. |
| 9 (RLIN) | 240866 |
| Geographic name | United States |
| General subdivision | History |
| Form subdivision | Encyclopedias. |
| 9 (RLIN) | 240867 |
| Geographic name | United States |
| General subdivision | Politics and government |
| Form subdivision | Encyclopedias. |
| 9 (RLIN) | 240868 |
| 710 2# - ADDED ENTRY--CORPORATE NAME | |
| Corporate name or jurisdiction name as entry element | Scholastic Inc. |
| 9 (RLIN) | 240869 |
| 942 ## - ADDED ENTRY ELEMENTS (KOHA) | |
| Source of classification or shelving scheme | Dewey Decimal Classification |
| Koha item type | Books |
| Lost status | Source of classification or shelving scheme | Damaged status | Not for loan | Permanent Location | Current Location | Shelving location | Date acquired | Source of acquisition | Cost, normal purchase price | Total Checkouts | Full call number | Date last seen | Copy number | Koha item type |
|---|---|---|---|---|---|---|---|---|---|---|---|---|---|---|
| Dewey Decimal Classification | Not For Loan | Central Library, University of Rajshahi | Central Library, University of Rajshahi | 02/03/2020 | American Center Library, Dhaka | 18.95 | R 973.099 RUS 2001 | 12/03/2020 | C-1 | Books |